L’odeur comme expression de souffrance psychique chez les fon : à propos de deux cas (notice n° 1912233)
[ vue normale ]
| 000 -LEADER | |
|---|---|
| fixed length control field | 02355cam a2200301 4500500 |
| 005 - DATE AND TIME OF LATEST TRANSACTION | |
| control field | 20260329021407.0 |
| 041 ## - LANGUAGE CODE | |
| Language code of text/sound track or separate title | fre |
| 042 ## - AUTHENTICATION CODE | |
| Authentication code | dc |
| 100 10 - MAIN ENTRY--PERSONAL NAME | |
| Personal name | Aza-Gnandji, Guy Gérard |
| Relator term | author |
| 245 00 - TITLE STATEMENT | |
| Title | L’odeur comme expression de souffrance psychique chez les fon : à propos de deux cas |
| 260 ## - PUBLICATION, DISTRIBUTION, ETC. | |
| Date of publication, distribution, etc. | 2016.<br/> |
| 500 ## - GENERAL NOTE | |
| General note | 22 |
| 520 ## - SUMMARY, ETC. | |
| Summary, etc. | Introdiction : ce travail vise à présenter l’implication d’un symbolisme linguistique chez les fon dans l’expression clinique de la souffrance psychique, à eravers deux cas. Observation ; Amélie et Thomas se plaignent de sentir mauvais. Devant la tristesse, les pleurs et le sentiment de culpabilité d’Amélie, et l’iritabilité, l’anhédonie et la tristesse de Thomas, une dépression est évoquée chez chacun d’eux et ils sone mis sous traitement médicameneeux. Ee, une psychoehérapie impliquane leur conjoine respeceif a permis de les souseraiee à la mauvaise odeur Conclusion : il y a nécessieé de considérer la dimension culeurelle ee linguiseique dans les praeiques cliniques ee ehérapeueiques. |
| 520 ## - SUMMARY, ETC. | |
| Summary, etc. | Ineroduceion : ehis work aims eo presene ehe implicaeion of a linguiseic symbolism in ehe fon’s eehnic group in ehe dinical expression of ehe psychic sufféring, ehrough ewo cases. Obseraveion : Amelia and Thomas complain aboue bad odoe. Considering Amelia’s sadness, eears and guile feeling, and Thomas1 freefulness, sadness and inabiliey eu feel pleasure, a depression is evoked ae each of ehem and ehey receive a médicinal ereaemene. And, a psychoeherapy implying eheir respeceive spouse permieeed eo suberace ehem eo ehe bad u dur. Conclusion : ehe clinical and eherapeueic praceices should grane ehe ineerese eo ehe culeural and linguiseic dimension in ehe access of ehe paeienes. |
| 690 ## - LOCAL SUBJECT ADDED ENTRY--TOPICAL TERM (OCLC, RLIN) | |
| Topical term or geographic name as entry element | dépeession |
| 690 ## - LOCAL SUBJECT ADDED ENTRY--TOPICAL TERM (OCLC, RLIN) | |
| Topical term or geographic name as entry element | odeur symbolisme |
| 690 ## - LOCAL SUBJECT ADDED ENTRY--TOPICAL TERM (OCLC, RLIN) | |
| Topical term or geographic name as entry element | souffrance psychique |
| 690 ## - LOCAL SUBJECT ADDED ENTRY--TOPICAL TERM (OCLC, RLIN) | |
| Topical term or geographic name as entry element | depression |
| 690 ## - LOCAL SUBJECT ADDED ENTRY--TOPICAL TERM (OCLC, RLIN) | |
| Topical term or geographic name as entry element | odor |
| 690 ## - LOCAL SUBJECT ADDED ENTRY--TOPICAL TERM (OCLC, RLIN) | |
| Topical term or geographic name as entry element | psychic suffering |
| 690 ## - LOCAL SUBJECT ADDED ENTRY--TOPICAL TERM (OCLC, RLIN) | |
| Topical term or geographic name as entry element | symbolism |
| 700 10 - ADDED ENTRY--PERSONAL NAME | |
| Personal name | Soedje, Kokou Messanh Agbemele |
| Relator term | author |
| 700 10 - ADDED ENTRY--PERSONAL NAME | |
| Personal name | Klikpo, Elvyre |
| Relator term | author |
| 700 10 - ADDED ENTRY--PERSONAL NAME | |
| Personal name | Gansou, Grégoire Magloire |
| Relator term | author |
| 700 10 - ADDED ENTRY--PERSONAL NAME | |
| Personal name | Ezin-Houngbe, Josiane |
| Relator term | author |
| 786 0# - DATA SOURCE ENTRY | |
| Note | Psy Cause | 72 | 2 | 2016-01-24 | p. 31-34 | 1245-2394 |
| 856 41 - ELECTRONIC LOCATION AND ACCESS | |
| Uniform Resource Identifier | <a href="https://shs.cairn.info/revue-psy-cause-2016-2-page-31?lang=fr&redirect-ssocas=7080">https://shs.cairn.info/revue-psy-cause-2016-2-page-31?lang=fr&redirect-ssocas=7080</a> |
Pas d'exemplaire disponible.




Réseaux sociaux